Regional interest magazines of the United States /

Bibliographic Details
Other Authors: Riley Sam G., Selnow, Gary W.
Format: Book
Language:English
Published: New York : Greenwood Press, 1991.
Series:Historical guides to the world's periodicals and newspapers.
Subjects:

MARC

Tag First Indicator Second Indicator Subfields
LEADER 00000cam a2200000 a 4500
001 in00001049821
005 20150929090920.0
008 900416s1991 nyu br 001 0 eng
010 |a  90036739  
015 |a GB91-25484 
020 |a 0313268401 (lib. bdg. : alk. paper) 
035 |a (OCoLC)21522832 
035 |9 AFL0603AM 
040 |a DLC  |c DLC  |d UKM  |d TXA  |d UtOrBLW 
043 |a n-us--- 
049 |a TXAM 
050 0 0 |a Z6944.R44  |b R44 1990  |a PN4878.7 
082 0 0 |a 051  |2 20 
090 |a Z6944.R44  |b R44 1991 
245 0 0 |a Regional interest magazines of the United States /  |c edited by Sam G. Riley and Gary W. Selnow. 
264 1 |a New York :  |b Greenwood Press,  |c 1991. 
300 |a xiii, 418 pages ;  |c 25 cm. 
336 |a text  |b txt  |2 rdacontent 
337 |a unmediated  |b n  |2 rdamedia 
338 |a volume  |b nc  |2 rdacarrier 
490 1 |a Historical guides to the world's periodicals and newspapers,  |x 0742-5538 
504 |a Includes bibliographical references and index. 
650 0 |a American periodicals  |v Directories. 
650 0 |a Journalism, Regional  |z United States  |x Directories. 
700 1 |a Riley Sam G. 
700 1 |a Selnow, Gary W. 
830 0 |a Historical guides to the world's periodicals and newspapers.  |x 0742-5538 
999 |a MARS 
999 f f |s 6f367f71-d91d-3754-8fbb-cf6d5dd39dce  |i d2258563-b201-3bc8-975c-44e5960a2e74  |t 0 
952 f f |p ric  |a Texas A&M University  |b Rellis Campus  |c Joint Library Facility  |d Remote Storage  |t 0  |e Z6944.R44 R44 1991  |h Library of Congress classification  |i unmediated -- volume  |m A14815643098 
998 f f |a Z6944.R44 R44 1991  |t 0  |l Remote Storage